| 000 | 01332nam a2200217Ia 4500 | ||
|---|---|---|---|
| 003 | Ost | ||
| 005 | 20260416102357.0 | ||
| 008 | 260416s9999||||xx |||||||||||||| ||und|| | ||
| 040 | _cfsecg | ||
| 041 | _aara | ||
| 082 | _a330.09 | ||
| 100 |
_aبركات، احمد _eمؤلف |
||
| 245 | 0 |
_aتاريخ الوقائع الاقتصادية / _c احمد بركات |
|
| 260 |
_aالجزائر _bجامعة الجزائر3: كلية العلوم الإقتصادية، العلوم التجارية وعلوم التسيير _c2018 |
||
| 300 |
_a102 ورقة _c30 سم |
||
| 504 | _aمراجع ص.102 | ||
| 520 | _aالوقائع و الافكار و النظريات الاقتصادية و تاريخها، الواقع و التاريخ الذي حدثت فيه الواقعة الاقتصادية، الاستفادة من الوقائع التاريخية لفهم الوقائع المعاصرة و معالجة المشكلات الاقتصادية المعصرة . | ||
| 653 | _aالاقتصاد | ||
| 710 |
_aجامعة الجزائر3: كلية العلوم الإقتصادية، العلوم التجارية وعلوم التسيير _eناشر علمي |
||
| 942 | _cHANDOUT | ||
| 999 |
_c41268 _d41268 |
||